Siksha monovigyan (Record no. 6261)
[ view plain ]
| 000 -LEADER | |
|---|---|
| fixed length control field | 00450cam a2200193ua 4500 |
| 001 - CONTROL NUMBER | |
| control field | 7140 |
| 005 - DATE AND TIME OF LATEST TRANSACTION | |
| control field | 20260515114147.0 |
| 008 - FIXED-LENGTH DATA ELEMENTS--GENERAL INFORMATION | |
| fixed length control field | 141126n ii |||gr||||Z||||||asm |
| 040 ## - CATALOGING SOURCE | |
| Transcribing agency | MAIN |
| 041 ## - LANGUAGE CODE | |
| Language code of text/sound track or separate title | asm |
| 082 ## - DEWEY DECIMAL CLASSIFICATION NUMBER | |
| Classification number | 370 |
| 100 ## - MAIN ENTRY--PERSONAL NAME | |
| Personal name | Sarma, M.Kr., |
| Relator term | Author. |
| 245 ## - TITLE STATEMENT | |
| Title | Siksha monovigyan |
| Statement of responsibility, etc. | By Mukul Kr. Sarma |
| 250 ## - EDITION STATEMENT | |
| Edition statement | 1st. |
| 260 ## - PUBLICATION, DISTRIBUTION, ETC. | |
| Place of publication, distribution, etc. | Dibrugarh: |
| Name of publisher, distributor, etc. | Banalata, |
| Date of publication, distribution, etc. | 2012. |
| 300 ## - PHYSICAL DESCRIPTION | |
| Extent | 256p. |
| 653 ## - INDEX TERM--UNCONTROLLED | |
| Uncontrolled term | Educational psychology |
| 942 ## - ADDED ENTRY ELEMENTS (KOHA) | |
| Koha item type | Books |
| Withdrawn status | Lost status | Damaged status | Not for loan | Home library | Current library | Shelving location | Date acquired | Total checkouts | Full call number | Barcode | Date last seen | Date last checked out | Copy number | Price effective from | Koha item type |
|---|---|---|---|---|---|---|---|---|---|---|---|---|---|---|---|
| Naharkatiya College Library | Naharkatiya College Library | General stacks | 09/19/2020 | 4 | 370.15 | SAR | 21300 | 10/07/2025 | 09/19/2025 | 2 | 09/19/2020 | Books | ||||
| Naharkatiya College Library | Naharkatiya College Library | General stacks | 09/19/2020 | 3 | 370.15 | SAR | 21301 | 04/24/2023 | 04/06/2023 | 1 | 09/19/2020 | Books |